| 000 | 00708nam a2200181 4500 | ||
|---|---|---|---|
| 999 |
_c17277 _d17277 |
||
| 008 | 220914b ||||| |||| 00| 0 eng d | ||
| 020 | _a9786214510252 | ||
| 082 |
_22022 _aDFil 808.068 _bG589 |
||
| 100 |
_aGonzales, Jennifer B. _945959 |
||
| 245 |
_aChildren and adolescent literature / _cJennifer B. Gonzales, Joshlen C. Baclayon and Jeson A. Bustamante. |
||
| 260 |
_aQuezon City : _bLorimar Publishing Inc., _c©2022. |
||
| 300 |
_axiv, 130 pages : _billustrations ; _c25 cm. |
||
| 500 | _aIncludes bibliographical references. | ||
| 650 |
_aChildren's literature. _945960 |
||
| 700 |
_aBaclayon, Joshlen C. _eauthor. _945961 |
||
| 700 |
_aBustamante, Jeson A. _eauthor. _945962 |
||
| 942 |
_2ddc _cDFIL |
||